| Tag |
First Indicator |
Second Indicator |
Subfields |
| LEADER |
00000cam a2200000 a 4500 |
| 001 |
in00001463521 |
| 005 |
20151021060511.0 |
| 008 |
980311s1999 enk b 001 0 eng |
| 010 |
|
|
|a 98003711
|
| 015 |
|
|
|a GB99-2710
|
| 019 |
|
|
|a 40543107
|
| 020 |
|
|
|a 031221541X (cloth)
|
| 020 |
|
|
|a 0333631161
|
| 035 |
|
|
|a (OCoLC)38853764
|
| 035 |
|
|
|9 AJF6465AM
|
| 040 |
|
|
|a DLC
|c DLC
|d UKM
|d TXA
|d UtOrBLW
|
| 043 |
|
|
|a e-uk---
|
| 049 |
|
|
|a TXAM
|
| 050 |
0 |
0 |
|a PR6066.I53
|b Z594 1999
|
| 082 |
0 |
0 |
|a 822/.914
|2 21
|
| 100 |
1 |
|
|a Armstrong, Raymond.
|
| 245 |
1 |
0 |
|a Kafka and Pinter :
|b shadow-boxing : the struggle between father and son /
|c Raymond Armstrong.
|
| 264 |
|
1 |
|a Houndmills, Basingstoke, Hampshire [England] :
|b MacMillan Press ;
|a New York :
|b St. Martin's Press,
|c 1999.
|
| 300 |
|
|
|a x, 198 pages ;
|c 23 cm.
|
| 336 |
|
|
|a text
|b txt
|2 rdacontent
|
| 337 |
|
|
|a unmediated
|b n
|2 rdamedia
|
| 338 |
|
|
|a volume
|b nc
|2 rdacarrier
|
| 504 |
|
|
|a Includes bibliographical references and index.
|
| 600 |
1 |
0 |
|a Pinter, Harold,
|d 1930-2008
|x Criticism and interpretation.
|
| 650 |
|
0 |
|a Domestic drama, English
|x History and criticism.
|
| 600 |
1 |
0 |
|a Pinter, Harold,
|d 1930-2008
|x Knowledge
|x Literature.
|
| 600 |
1 |
0 |
|a Kafka, Franz,
|d 1883-1924
|x Influence.
|
| 650 |
|
0 |
|a Fathers and sons in literature.
|
| 650 |
|
0 |
|a Drama
|x Psychological aspects.
|
| 600 |
1 |
4 |
|a Pinter, Harold,
|d 1930-2008
|x Criticism and interpretation.
|
| 600 |
1 |
4 |
|a Pinter, Harold,
|d 1930-2008
|x Knowledge
|x Literature.
|
| 600 |
1 |
4 |
|a Kafka, Franz,
|d 1883-1924
|x Influence.
|
| 948 |
|
|
|a c:cer
|
| 999 |
|
|
|a MARS
|
| 999 |
f |
f |
|s 54518071-1a89-31d9-8e61-deeead82d671
|i 159e69f6-1c6d-3fb1-b4f3-57aed60d9089
|t 0
|
| 952 |
f |
f |
|p normal
|a Texas A&M University
|b College Station
|c Sterling C. Evans Library
|d Evans: Library Stacks
|t 0
|e PR6066.I53 Z594 1999
|h Library of Congress classification
|i unmediated -- volume
|m A14824119022
|
| 998 |
f |
f |
|a PR6066.I53 Z594 1999
|t 0
|l Evans: Library Stacks
|